| 000 | 00658nam a2200217Ia 4500 | ||
|---|---|---|---|
| 003 | OSt | ||
| 005 | 20250830100619.0 | ||
| 008 | 210210b1998 xxu||||| |||| 00| 0 eng d | ||
| 040 | _cAL | ||
| 041 | _aKannada | ||
| 082 | _a780.954K SASG | ||
| 100 |
_aSASTRI (B V K), Ed. _dಶಾಸ್ತ್ರಿ (ಬಿ ವಿ ಕೆ) _9237970 |
||
| 245 |
_aGanakala manjari. samputa -2 _bಗಾನಕಲಾ ಮಂಜರಿ. ಸಂಪುಟ -2 |
||
| 260 |
_aBengaluru. _bKannada Mattu Samskrathi Nirdeshanalaya., _c1998 |
||
| 300 | _aiv,485 | ||
| 440 |
_a2 _9237971 |
||
| 650 |
_aSangitha _9237972 |
||
| 690 |
_aMusic _9237973 |
||
| 906 | _a057706 | ||
| 942 |
_2ddc _cBK |
||
| 999 |
_c105254 _d105254 |
||